000 00630nam a22002057a 4500
005 20151008110711.0
010 _aENG-113740
020 _a9789383380282
_c580.00
035 _aEN- 97272
037 _bDBAD/PUB
082 _a004.6
100 _aDhunna, Mukesh
245 _aWeb world & networking :
_cby Mukesh Dhunna [and] Deepak Verma
_bcomputer networks and internet /
260 _aNoida
_bViplav Books
_c2015
270 _a1st Floor, B-161 Sector-26
_bNodia
_e201301
300 _axiii,353p. :
_c24cm(pbk)
_bill.
500 _aIncludes index
700 _aVerma, Deepak
942 _2ddc
_cEN
_mDHU
_h004.6
999 _c95355
_d95355